=LDR 00000nam 2200000 4500 =001 INLIS000000000005467 =005 20251016114136 =035 ##$$a 0010-1025000522 =007 ta =008 251016###########################0#ind## =082 ##$$a 342.059 =084 ##$$a 342.059 BAD p =100 #$$a Badan Koordinasi Keluarga Berencana Nasional =245 1#$$a Peraturan Pemerintah Republik Indonesia /$c Badan Koordinasi Keluarga Berencana Nasional =260 ##$:$b Badan Koordinasi Keluarga Berencana Nasional =300 ##$$a 15 Hal : $b Ilus ; $c 21 =650 #4$$a Keluarga Berencana =856 ##$$a Perpustakaan Kemendukbangga